| 000 | 00900nam a2200205 a 4500 | ||
|---|---|---|---|
| 003 | AM-YeHGA | ||
| 005 | 20260409100221.0 | ||
| 008 | 030519s1942 ai |||||r|||||000|p|arm|d | ||
| 040 |
_aAM-YeHGA _cAM-YeHGA |
||
| 041 | 0 | _aarm | |
| 100 | 1 |
_aՇիրազ, Հովհաննես Թադևոսի, _d1914-1984 _999 |
|
| 245 | 1 | 0 |
_aԵրգերի գիրք : _b[Բանաստեղծություններ] / _cՀ. Շիրազ ; Խմբ.՝ Ավ. Իսահակյան, Ռ. Զարյան. |
| 260 |
_aԵրևան : _bՀայպետհրատ, _c1942. |
||
| 300 |
_a112 էջ ; _c15 սմ. |
||
| 650 | 1 | 4 | _aՀայ գրականություն |
| 700 | 1 |
_aԻսահակյան, Ավետիք Սահակի, _d1875-1957 _eխմբ. _4edt _9963 |
|
| 700 | 1 |
_aԶարյան, Ռուբեն Վարոսի, _d1909-1994 _eխմբ. _4edt _91691 |
|
| 856 | 4 | 1 |
_uhttps://haygirk.nla.am/upload/1941-/ergeri%20girq_1942.pdf _yԿարդալ առցանց |
| 942 |
_2udc _cBK |
||
| 999 |
_c79626 _d79626 |
||